Brockhampton Discography - Statistics

General Stats
  • This quiz has been taken 31 times
  • The average score is 59 of 113
Answer Stats
Hint Answer % Correct
SATURATION III BOOGIE
100%
SATURATION III BLEACH
95%
SATURATION II SUMMER
90%
Single (2018) 1999 WILDFIRE
85%
GINGER GINGER
80%
SATURATION GOLD
80%
SATURATION HEAT
80%
GINGER SUGAR
80%
SATURATION II SWEET
80%
SATURATION WASTE
80%
SATURATION III ZIPPER
80%
Single (2018) 1998 TRUMAN
75%
SATURATION II GUMMY
75%
SATURATION II QUEER
75%
Single (2018) 1997 DIANA
70%
SATURATION FACE
70%
SATURATION III JOHNNY
70%
iridescence J'OUVERT
70%
iridescence NEW ORLEANS
70%
GINGER NO HALO
70%
SATURATION III SISTER/NATION
70%
SATURATION SKIT 1
70%
SATURATION SKIT 2
70%
SATURATION SKIT 3
70%
SATURATION STAR
70%
SATURATION III TEAM
70%
GINGER BOY BYE
65%
SATURATION III CINEMA 1
65%
SATURATION III CINEMA 2
65%
SATURATION III CINEMA 3
65%
SATURATION III HOTTIE
65%
GINGER IF YOU PRAY RIGHT
65%
SATURATION III RENTAL
65%
SATURATION II TOKYO
65%
SATURATION III ALASKA
60%
GINGER DEARLY DEPARTED
60%
iridescence HONEY
60%
SATURATION MILK
60%
iridescence SAN MARCOS
60%
ROADRUNNER (DELUXE) SEX
60%
GINGER ST. PERCY
60%
iridescence TONYA
60%
iridescence WHERE THE CASH AT
60%
SATURATION BANK
55%
iridescence BERLIN
55%
SATURATION II GAMBA
55%
SATURATION II JESUS
55%
SATURATION II JUNKY
55%
GINGER LOVE ME FOR LIFE
55%
All-American Trash Michigan
55%
SATURATION II SCENE
55%
SATURATION II SCENE 2
55%
SATURATION II SWAMP
55%
ROADRUNNER THE LIGHT
55%
iridescence THUG LIFE
55%
GINGER VICTOR ROBERTS
55%
SATURATION 2PAC
50%
SATURATION BOYS
50%
Single (2015) Dirt
50%
iridescence DISTRICT
50%
SATURATION II FIGHT
50%
GINGER I BEEN BORN AGAIN
50%
All-American Trash Infatuation
50%
SATURATION III LIQUID
50%
SATURATION III STAINS
50%
SATURATION SWIM
50%
ROADRUNNER THE LIGHT PT. II
50%
iridescence WEIGHT
50%
All-American Trash Ben Carson
45%
GINGER BIG BOY
45%
ROADRUNNER BUZZCUT
45%
Single (2017) CANNON
45%
SATURATION CASH
45%
GINGER HEAVEN BELONGS TO YOU
45%
SATURATION II JELLO
45%
SATURATION II SUNNY
45%
iridescence TAPE
45%
ROADRUNNER BANKROLL
40%
SATURATION BUMP
40%
ROADRUNNER CHAIN ON
40%
ROADRUNNER COUNT ON ME
40%
All-American Trash Encino
40%
iridescence FABRIC
40%
SATURATION FAKE
40%
All-American Trash Home
40%
SATURATION III STUPID
40%
SATURATION II TEETH
40%
SATURATION TRIP
40%
iridescence VIVID
40%
ROADRUNNER WINDOWS
40%
All-American Trash Flip Mo
35%
iridescence LOOPHOLE
35%
All-American Trash Palace
35%
iridescence SOMETHING ABOUT HIM
35%
SATURATION II CHICK
30%
ROADRUNNER DON'T SHOOT UP THE PARTY
30%
ROADRUNNER I'LL TAKE YOU ON
30%
ROADRUNNER (DELUXE) JEREMIAH (ORIGINAL)
30%
ROADRUNNER (DELUXE) JEREMIAH (RMX)
30%
All-American Trash Mosscliff
30%
Single (2015) Bet I
25%
All-American Trash Breakfast
25%
All-American Trash Contacts
25%
All-American Trash Cotton Hollow
25%
ROADRUNNER DEAR LORD
25%
All-American Trash Lost in Love
25%
ROADRUNNER OLD NEWS
25%
Single (2020) SUGAR (Remix)
25%
ROADRUNNER WHAT'S THE OCCASION?
25%
ROADRUNNER WHEN I BALL
25%
Single (2015) Hero
20%
All-American Trash Poison
20%
ROADRUNNER (DELUXE) PRESSURE/BOW WOW
20%
No matching quizzes found
Score Distribution
Percent of People with Each Score
Percentile by Number Answered
Your Score History
You have not taken this quiz